00827nam a22002297a 450000500170000001000130001702000080003003500130003803700160005104000120006708200130007910000210009224500970011326000480021027000520025830000310031065000210034165000700036294200220043299900190045495201240047320170124110206.0 aB-042126 c170 aB-042126 bCen Lib/Ret aDPLbEN a000bRGU aR. Gupta 937400 aAir india recruitment examination :cby R. Gupta bconducted by staff selection commission / aNew Delhi bRamesh Publication House c2002 a12-H, new dariya ganj road bNew Delhi e110002 avarious pagings c23cm(Hb) aGeneralia 93517 aExercises, qestion papers etc (All india recruitment exam)937401 2ddccENh000mRGU c133265d133265 00104070aLbLd2015-07-25eCen Lib/Retg170.00l0o000 RGUpB-042126r2015-07-25 00:00:00t1v170.00w2015-07-25yEN